| 000 | 00700cam a2200253 i 4500 | ||
|---|---|---|---|
| 001 | 17427858 | ||
| 005 | 20180813074339.0 | ||
| 008 | 120813t20142014caua 001 0 eng | ||
| 010 | _a 2012946935 | ||
| 020 | _a9781133607717 (hardback) | ||
| 020 | _a1133607713 (hardback) | ||
| 040 |
_aDLC _beng _erda _cDLC |
||
| 041 | _aeng | ||
| 042 | _apcc | ||
| 080 | _a51 | ||
| 082 | _251 | ||
| 100 | 1 | _a38 | |
| 101 | _amat | ||
| 240 | 1 | 0 | _aApplied calculus |
| 245 | 1 | 0 |
_aApplied calculus for the managerial, life, and social sciences / _cS.T. Tan, Stonehill College. |
| 906 |
_a7 _bcbc _corignew _d3 _eepcn _f20 _gy-gencatlg |
||
| 942 |
_2ddc _cBK |
||
| 999 |
_c47050 _d47050 |
||